000 00373pab a2200169 454500
008 180718b2018 xxu||||| |||| 00| 0 eng d
100 _aAdhia, Hasmukh
245 _aTaking the economy forward
260 _c2018
300 _ap.7-8.
362 _aMar
650 _aGST
650 _aEconomic development
650 _aBudget
773 _aYojana
909 _a117174
999 _c117168
_d117168